Statistics for Country and Capital containing letter B

Click here to take the quiz!

General Stats

  • This quiz has been taken 187 times
  • The average score is 24 of 38

Answer Stats

Country-Capital % Correct
Brazil
96%
Brasília
94%
Belgium
89%
Brussels
85%
Belize
82%
Barbados
76%
Burundi
75%
Botswana
75%
Belmopan
72%
Brunei
72%
Colombia
69%
Bogotá
68%
Gambia
66%
Bujumbura
65%
Serbia
64%
Bridgetown
63%
Lebanon
62%
Belgrade
62%
Brazzaville
62%
Republic of the Congo
61%
Bandar Seri Begawan
61%
Banjul
60%
Beirut
60%
Azerbaijan
60%
Gaborone
59%
Baku
58%
Djibouti
55%
Gabon
55%
Djibouti
55%
Guinea-Bissau
54%
Bangui
52%
Bissau
52%
Libreville
50%
Central African Republic
50%
United Arab Emirates
48%
Abu Dhabi
48%
Luxembourg
48%
Luxembourg
48%

Score Distribution

Percentile by Number Answered

Percent of People with Each Score

Your Score History

You have not taken this quiz